000 00326nam a2200145Ia 4500
100 _aJourdain /robert
942 _cBK
654 _aPascal
245 _aTurbo pascal express revised
260 _bPrentice Hall of India
_aNew dehli
_c1990
082 _a001.6424TP
_bJOU
300 _a394
546 _aENGLISH
999 _c33751
_d33751